000 01942nam a2200457 i 4500
001 192983
003 SpMaBN
005 20260312131314.0
007 ta
008 230714s2006 sp | ||||o001 0 spa
016 7 _abimoBNE20060522997
_2SpMaBN
017 _aM 13910-2006
_bOficina Depósito Legal Madrid
020 _a8488699867
035 _a(OCoLC)433363083
035 _abimo0002106567
040 _bspa
_cES-MaACL
_erdc
080 _a012 Cervantes Saavedra, Miguel de
080 _a017.1(460.27 M.)
110 2 _aBiblioteca Nacional (España)
_eisb
_92188
245 1 0 _aCatálogo de la colección cervantina de la Biblioteca Nacional :
_bediciones del "Quijote" en castellano /
_ccoordinación, Pilar Egoscozábal Carrasco ; catalogación, Pilar Egoscozábal Carrasco, Elena Laguna del Cojo, Isabel Moyano Andrés
260 _aMadrid :
_bBiblioteca Nacional,
_c2006.
300 _a348 páginas ;
_c25 cm
336 _aTexto (visual)
_2isbdcontent
337 _asin mediación
_2isbdmedia
338 _2rdacarrier
_avolumen
500 _aÍndices
530 _aDisponible en formato digital
600 1 4 _aCervantes Saavedra, Miguel de,
_d1547-1616.
_tDon Quijote de la Mancha-
_vBibliografías
_937615
610 2 4 _aBiblioteca Nacional de España-
_vCatálogos
_9236667
655 7 _aBibliografías
_2tgfbne
_9226825
700 1 _aEgoscozábal Carrasco, Pilar
_9233726
_ecoor
700 1 _aLaguna del Cojo, Elena
_969626
_eclb
700 1 _aMoyano Andrés, Isabel,
_d1962-
_eclb
_9233727
852 _aES-MaACL
_bR.153446
_cDEPOJ
_hDonación: Biblioteca Nacional de España
_jN-8498
_xCartoné
_9200286
856 4 _uhttp://bdh-rd.bne.es/viewer.vm?id=0000186833&page=1
_yVersión en línea
_zBiblioteca Digital Hispánica
914 _aBiblioteca Nacional de España
_ednr
_9234950
942 _n0
_cMONOGRAFIA
999 _c192983
_d192983